Building Construction Materials and Techniques (Record no. 554015)

000 -LEADER
fixed length control field 00490nam a22001457a 4500
020 ## - INTERNATIONAL STANDARD BOOK NUMBER
International Standard Book Number 9332544794
022 ## - INTERNATIONAL STANDARD SERIAL NUMBER
International Standard Serial Number 978-9332544796
082 ## - DEWEY DECIMAL CLASSIFICATION NUMBER
Classification number 691
Author Mark PUR
-- M-38, P-122
100 ## - MAIN ENTRY--PERSONAL NAME
Personal name Purushothama Raj ,P.
9 (RLIN) 51285
245 ## - TITLE STATEMENT
Title Building Construction Materials and Techniques
Statement of responsibility, etc. Purushothama Raj ,P.
260 ## - PUBLICATION, DISTRIBUTION, ETC.
Place of publication, distribution, etc. Pearson Education India :
Name of publisher, distributor, etc. Pearson Education
Date of publication, distribution, etc. (March 1, 2017)
300 ## - PHYSICAL DESCRIPTION
Extent xxx ;592p.
Other physical details ill
Dimensions 9.2 x 6.1 x 0.9 inches
526 ## - STUDY PROGRAM INFORMATION NOTE
Program name 0
Interest level 0
Reading level 0
Title point value 691_000000000000000_PUR
942 ## - ADDED ENTRY ELEMENTS (KOHA)
Source of classification or shelving scheme
Koha item type Book
Holdings
Withdrawn status Lost status Source of classification or shelving scheme Damaged status Not for loan Permanent Location Current Location Date acquired Total Checkouts Total Renewals Full call number Barcode Date last seen Date last checked out Price effective from Koha item type
          Military College of Engineering (MCE) Military College of Engineering (MCE) 01/02/2018 1 1 691 PUR MCE-50543 10/08/2018 07/02/2018 03/14/2021 Book
© 2023 Central Library, National University of Sciences and Technology. All Rights Reserved.